Từ điển truyện Lục Vân Tiên
Tallennettuna:
| Päätekijä: | |
|---|---|
| Aineistotyyppi: | Kirja |
| Kieli: | Undetermined |
| Julkaistu: |
Tp. HCM
Nxb. Tp. HCM
1989
|
| Aiheet: | |
| Tagit: |
Lisää tagi
Ei tageja, Lisää ensimmäinen tagi!
|
| Thư viện lưu trữ: | Trung tâm Học liệu Trường Đại học Cần Thơ |
|---|
| LEADER | 00539nam a2200181Ia 4500 | ||
|---|---|---|---|
| 001 | CTU_12578 | ||
| 008 | 210402s9999 xx 000 0 und d | ||
| 082 | |a 803 | ||
| 082 | |b T502 | ||
| 100 | |a Nguyễn Quảng Tuân | ||
| 245 | 0 | |a Từ điển truyện Lục Vân Tiên | |
| 245 | 0 | |c Nguyễn Quảng Tuân | |
| 260 | |a Tp. HCM | ||
| 260 | |b Nxb. Tp. HCM | ||
| 260 | |c 1989 | ||
| 650 | |a literature - dictionaries | ||
| 904 | |i Nguyễn Quang Điền, 961115 | ||
| 980 | |a Trung tâm Học liệu Trường Đại học Cần Thơ | ||